000 00792cam a2200253 4500500
005 20260329004303.0
041 _afre
042 _adc
100 1 0 _ade Oliveira, Victorine
_eauthor
245 0 0 _aPierre-Henri Tavoillot : “Dans le sillage de Kant, je m’interroge sur ce qu’est être majeur aujourd’hui”
260 _c2019.
500 _a96
690 _aAutonomie
690 _aDébat
690 _aDémocratie
690 _aDialogue
690 _aFinitude
690 _aMorale
690 _aObéissance
690 _aPierre-Henri Tavoillot
690 _aRaison
786 0 _nPhilosophie magazine | 130 | 6 | 2019-06-01 | p. 36-37 | 1951-1787
856 4 1 _uhttps://shs.cairn.info/magazine-philosophie-magazine-2019-6-page-36?lang=fr&redirect-ssocas=7080
999 _c1832502
_d1832502